| 000 | 03493 a2200361 4500 | ||
|---|---|---|---|
| 999 |
_c10746 _d10746 |
||
| 020 | _a9780128031179 | ||
| 020 | _a0128031174 | ||
| 050 | 0 | 0 |
_aR602 _b.CHI 2015 |
| 100 |
_aWang, Xijun _d1961- _eauthor |
||
| 245 | 0 | 0 |
_aChinmedomics : _bthe integration of serum pharmacochemistry and metabolomics to elucidate the scientific value of traditional Chinese medicine / _ceditor, Xijun Wang ; associate editors, Aihua Zhang, Hui Sun. |
| 264 | 1 |
_aAmsterdam : _bElsevier/AP, Academic Press is an imprint of Elsevier, _c2015 |
|
| 300 |
_axxii, 385 pages : _billustrations ; |
||
| 336 |
_atext _btxt _2rdacontent |
||
| 337 |
_aunmediated _bn _2rdamedia |
||
| 338 |
_avolume _bnc _2rdacarrier |
||
| 504 | _aIncludes bibliographical references and index. | ||
| 505 | _aPreface Origin of Chinmedomics Methods and protocols of Chinmedomics Chinmedomics advancing drug discovery and development from Yinchenhao Tang Chinmedomics approach dissects therapeutic properties of ShenQiWan acting on ShenYangXu syndrome Metabolic profiling and biomarkers analysis of Jaundice syndrome Metabolic profiling and biomarkers analysis of GanYuPiXU syndrome Metabolic profiling and biomarkers of Yinhuang syndrome and evaluation on Yinchensini Tang Metabolite profiling and biomarkers analysis of Jaundice syndrome related animal model Metabolomic evaluation of hepatoprotective effect of Yinchenhao Tang and its major bioactive constituents Metabolomics and proteomics elucidation on therapeutic mechanisms of geniposide Metabolic profiling and potential biomarkers of ShenYinXu syndrome and therapeutic effect of Liuweidihuang Wan Metabolic profiling of healthy persons treated with Liuweidihuang Wan Metabolic profiling and potential biomarkers analysis of ShenYangXu syndrome Metabolic evaluation of ShenQiWan nourishing ShenYangXu syndrome Metabolic profiling and biomarkers analysis of XinQiXu syndrome Active constituents screening based on correlation analysis between marker metabolites and absorbed constituents in Wen-Xin-Formula Targeted synergism effects of the combined active constituents of Yinchenhao Tang Metabolic profiling and biomarkers of type 2 diabetes and effective evaluation of Tianqi Jiangtang capsule Metabolic biomarkers of alcohol liver damage and intervention effect of Yinchenhao Tang Metabolic profiling and biomarkers analysis of insomnia and intervention effects of Suanzaoren decoction and its related active ingredients Metabolic biomarkers of nonbacterial prostatitis and treatment evaluation of Phellodendri amurensis cortex and its main components Metabolic profiling provides a system for understanding of Alzheimer's disease in rats after treatment with Kaixin San Metabolic profiles delineate the effect of Shengmai San on Alzheimer's disease in rats | ||
| 650 | 0 | _aPharmaceutical chemistry. | |
| 650 | 0 |
_aMedicine _xPhilosophy _xHistory. |
|
| 650 | 1 | 2 |
_aDrugs, Chinese Herbal _xchemistry. |
| 650 | 2 | 2 | _aMetabolomics. |
| 650 | 2 | 2 | _aMedicine, Chinese Traditional. |
| 650 | 2 | 2 | _aDrug Prescriptions. |
| 650 | 7 |
_aMedicine _xPhilosophy. |
|
| 650 | 7 | _aPharmaceutical chemistry. | |
| 651 | 7 | _aChina. | |
| 700 | 1 |
_aWang, Xijun, _d1961- _eeditor. |
|
| 700 | 1 |
_aZhang, Aihua _c(Of National TCM Key Laboratory of Serum Pharmacochemistry), _eeditor. |
|
| 700 | 1 |
_aSun, Hui _c(Of National TCM Key Laboratory of Serum Pharmacochemistry), _eeditor. |
|
| 942 |
_2lcc _cBK _h602 _iCHI _kR |
||